[Event "C.to Provinciale TN"]
[Site "Aldeno ITA"]
[Date "2015.01.23"]
[Round "1"]
[White "Pojer, Romeo"]
[Black "Martinelli, Michele"]
[WhiteElo "2084"]
[BlackElo "1756"]
[Result "1-0"]
[PlyCount "98"]
[EventDate "2015.01.23"]

1. e4 d6 2. d4 Nf6 3. Nc3 g6 4. Nf3 Bg7 5. Bg5 h6 6. Bh4 O-O 7. Qd2 c5 8. O-O-O
cxd4 9. Nxd4 Kh7 10. f4 Bg4 11. Be2 Bxe2 12. Qxe2 Qb6 13. e5 dxe5 14. fxe5 Ng8
15. Rhe1 Nc6 16. Nf3 Rfd8 17. Rxd8 Rxd8 18. Qc4 g5 19. Bxg5 Kh8 20. Bf4 Qf2 21.
Qe2 Qc5 22. Qe3 Qxe3+ 23. Rxe3 e6 24. Rd3 Nge7 25. Rxd8+ Nxd8 26. Kd2 h5 27.
Ke3 Nf5+ 28. Ke4 Nc6 29. a3 Na5 30. Nd4 Nh4 31. g3 Ng6 32. b3 Kg8 33. Ncb5 a6
34. Nd6 Kf8 35. b4 Nc6 36. Nxc6 bxc6 37. c4 Ke7 38. Bg5+ Kf8 39. Bf6 Bh6 40. a4
Bd2 41. b5 axb5 42. axb5 cxb5 43. cxb5 Ba5 44. Nc4 Bc7 45. b6 Bb8 46. Na5 Ne7
47. Bxe7+ Kxe7 48. Nc6+ Kd7 49. Nxb8+ Kc8 1-0

[Event "C.to Provinciale TN"]
[Site "Aldeno ITA"]
[Date "2015.01.24"]
[Round "2"]
[White "Chini, Fabrizio"]
[Black "Ciola, Alberto"]
[WhiteElo "1641"]
[BlackElo "1879"]
[Result "1/2-1/2"]
[PlyCount "41"]
[EventDate "2015.01.23"]

1. d4 Nf6 2. c4 g6 3. Nc3 Bg7 4. e4 d6 5. Nf3 O-O 6. h3 c6 7. Be3 e5 8. dxe5
dxe5 9. Be2 Qc7 10. O-O h6 11. Qc2 Be6 12. Rfd1 Nbd7 13. b3 Rfd8 14. Rac1 Nf8
15. c5 Nh5 16. Rxd8 Rxd8 17. Rd1 Nf4 18. Nd2 Nxe2+ 19. Nxe2 f5 20. exf5 Bxf5
21. Qc1 1/2-1/2

[Event "C.to Provinciale TN"]
[Site "Aldeno ITA"]
[Date "2015.01.24"]
[Round "2"]
[White "Comai, Samuele"]
[Black "Pojer, Romeo"]
[WhiteElo "1636"]
[BlackElo "2084"]
[Result "0-1"]
[PlyCount "86"]
[EventDate "2015.01.23"]

1. d4 Nf6 2. c4 g6 3. Nc3 Bg7 4. e4 O-O 5. e5 Ne8 6. f4 d6 7. Nf3 Na6 8. h3 f6
9. Qe2 e6 10. Be3 c6 11. O-O-O d5 12. Kb1 Rb8 13. cxd5 exd5 14. g4 b5 15. Qc2
Nb4 16. Qb3 a5 17. a4 Nc7 18. Rd2 Rf7 19. Kc1 Qe7 20. Be2 Ba6 21. Kd1 Qf8 22.
Rf1 Bc8 23. Rf2 Bd7 24. Rf1 fxe5 25. fxe5 Be6 26. Ke1 h6 27. Nh4 Kh7 28. Nf3
Qe7 29. Rf2 Rbf8 30. Qd1 Bd7 31. Rf1 Rb8 32. Rf2 Ne6 33. Kf1 Nf4 34. Bxf4 Rxf4
35. Kg2 Rbf8 36. axb5 cxb5 37. Nxb5 h5 38. Kg3 hxg4 39. hxg4 Rxg4+ 40. Kh2 Bh6
41. Nd6 Rxf3 42. Rxf3 Qh4+ 43. Rh3 Bf4+ 0-1

[Event "C.to Provinciale TN"]
[Site "Aldeno ITA"]
[Date "2015.01.24"]
[Round "2"]
[White "De Nisi, Roberta"]
[Black "Tidona, Paolo Giuseppe"]
[WhiteElo "1913"]
[BlackElo "1440"]
[Result "1-0"]
[PlyCount "45"]
[EventDate "2015.01.23"]

1. d4 d5 2. c4 dxc4 3. e4 e6 4. Bxc4 Bb4+ 5. Nc3 Bxc3+ 6. bxc3 Nf6 7. Bg5 O-O
8. e5 h6 9. Bxf6 gxf6 10. exf6 Qxf6 11. Nf3 Nd7 12. O-O Nb6 13. Bd3 Na4 14. Ne5
Qe7 15. Qg4+ Kh8 16. Qe4 f6 17. Ng6+ Kg7 18. Nxf8 Kxf8 19. c4 f5 20. Qe5 Nb2
21. Be2 b6 22. Qh8+ Kf7 23. Bh5# 1-0

[Event "C.to Provinciale TN"]
[Site "Aldeno ITA"]
[Date "2015.01.24"]
[Round "2"]
[White "La Manna, Andrea"]
[Black "Matei, Cristian"]
[WhiteElo "2184"]
[BlackElo "1778"]
[Result "1-0"]
[PlyCount "117"]
[EventDate "2015.01.23"]

1. d4 c6 2. c4 d5 3. Nc3 Nf6 4. cxd5 Nxd5 5. e4 Nxc3 6. bxc3 Nd7 7. Nf3 g6 8.
Bd3 Bg7 9. Qe2 O-O 10. e5 e6 11. h4 h5 12. Rh3 c5 13. Kf1 cxd4 14. cxd4 Nb6 15.
Bg5 Qe8 16. Rd1 Nd5 17. Qd2 Bd7 18. Kg1 Rc8 19. Nh2 Bb5 20. Bb1 Qc6 21. Re1 Nc3
22. Bd3 Bxd3 23. Qxd3 Qc4 24. Qd2 a6 25. g4 Qxa2 26. Rxc3 Qxd2 27. Bxd2 Rxc3
28. Bxc3 Rc8 29. Ba5 Rc4 30. Bb6 Rb4 31. Bc5 Rb3 32. gxh5 gxh5 33. Re3 Rb1+ 34.
Nf1 Kh7 35. Rd3 b6 36. Bd6 b5 37. Ra3 b4 38. Rxa6 b3 39. Rb6 Bh6 40. Ba3 Kg6
41. d5 Kf5 42. d6 Rd1 43. Rb7 Bf4 44. d7 Bxe5 45. Be7 Bc7 46. Rxc7 b2 47. Rb7
Rxd7 48. Rb5+ e5 49. Ba3 b1=Q 50. Rxb1 Rd4 51. Ne3+ Kg6 52. Rb6+ f6 53. Be7
Rxh4 54. Bxf6 Re4 55. Bxe5+ Kg5 56. Bf6+ Kf4 57. Rb4 Rxb4 58. Nd5+ Kf5 59. Nxb4
1-0

[Event "C.to Provinciale TN"]
[Site "Aldeno ITA"]
[Date "2015.01.24"]
[Round "2"]
[White "Martinelli, Michele"]
[Black "Dallaglio, Giovanni"]
[WhiteElo "1756"]
[BlackElo "1953"]
[Result "0-1"]
[PlyCount "60"]
[EventDate "2015.01.23"]

1. e4 e6 2. d3 d5 3. Nd2 c5 4. Ngf3 Nf6 5. g3 Nc6 6. Bg2 dxe4 7. dxe4 Be7 8.
O-O O-O 9. e5 Nd5 10. a4 b6 11. Nc4 Ba6 12. Qe2 Na5 13. Nfd2 Rc8 14. c3 Qc7 15.
Re1 Rfd8 16. Qe4 Bxc4 17. Nxc4 Nb3 18. Ra3 Nxc1 19. Rxc1 g6 20. Rb3 Qd7 21. Ra3
Kg7 22. Rd1 Qc7 23. Rb3 Nxc3 24. Rxd8 Nxe4 25. Rxc8 Qxc8 26. Bxe4 Qa6 27. Nd6
Qe2 28. Re3 Qd1+ 29. Kg2 Bxd6 30. Rd3 Qxa4 0-1

[Event "C.to Provinciale TN"]
[Site "Aldeno ITA"]
[Date "2015.01.24"]
[Round "2"]
[White "Paoli, Luigino"]
[Black "Pedrotti, Luciano"]
[WhiteElo "1494"]
[BlackElo "1774"]
[Result "1-0"]
[PlyCount "103"]
[EventDate "2015.01.23"]

1. c4 Nf6 2. Nc3 e6 3. Nf3 b6 4. d4 Bb4 5. Bd2 O-O 6. e3 Bb7 7. Be2 d6 8. O-O
Nbd7 9. a3 Bxc3 10. Bxc3 Ne4 11. Qc2 Ndf6 12. Ne1 d5 13. b4 Nxc3 14. Qxc3 Ne4
15. Qc2 f5 16. c5 a5 17. Nd3 Ba6 18. Ne5 Bxe2 19. Qxe2 Qe8 20. c6 Rf6 21. b5
Nd6 22. a4 Qe7 23. f4 Nf7 24. Nf3 Nd6 25. Ng5 h6 26. Nh3 Ne4 27. Rf3 Qf7 28.
Nf2 Nxf2 29. Qxf2 Rg6 30. Rg3 Re8 31. Rxg6 Qxg6 32. h3 Qf6 33. Kh2 Kh7 34. Rg1
g5 35. g4 fxg4 36. Rxg4 Rf8 37. Qg3 gxf4 38. Rxf4 Qe7 39. Rxf8 Qxf8 40. Qxc7+
Kg6 41. Qg3+ Kh7 42. Qf4 Qa3 43. c7 Qc1 44. Qf7+ Kh8 45. Qf8+ Kh7 46. c8=Q Qd2+
47. Kg3 Qxe3+ 48. Qf3 Qg1+ 49. Qg2 Qe3+ 50. Kh2 Qf4+ 51. Kh1 Qf7 52. Qgc2+ 1-0

[Event "C.to Provinciale TN"]
[Site "Aldeno ITA"]
[Date "2015.01.24"]
[Round "2"]
[White "Seresin, Francesco"]
[Black "Buratti, Paolo"]
[WhiteElo "2075"]
[BlackElo "1440"]
[Result "1-0"]
[PlyCount "47"]
[EventDate "2015.01.23"]

1. d4 Nf6 2. c4 e6 3. Nc3 c5 4. d5 exd5 5. cxd5 d6 6. Nf3 g6 7. Qa4+ Bd7 8. Qb3
Qb6 9. e4 Qxb3 10. axb3 Be7 11. Bd3 Kd8 12. h3 Kc7 13. Bf4 Re8 14. O-O Nh5 15.
Bh2 f6 16. g4 Ng7 17. e5 dxe5 18. Nxe5 Bd6 19. Nc4 Bxh2+ 20. Kxh2 f5 21. Kg3
Na6 22. d6+ Kc6 23. Na5+ Kxd6 24. Nxb7+ 1-0

[Event "C.to Provinciale TN"]
[Site "Aldeno ITA"]
[Date "2015.01.24"]
[Round "3"]
[White "Buratti, Paolo"]
[Black "Perino, Alberto"]
[WhiteElo "1440"]
[BlackElo "1440"]
[Result "0-1"]
[PlyCount "72"]
[EventDate "2015.01.23"]

1. e4 d6 2. d4 Nf6 3. Nc3 Nbd7 4. Nf3 e5 5. Be2 Be7 6. O-O O-O 7. Ne1 c6 8. f4
exd4 9. Qxd4 d5 10. Nd3 c5 11. Qf2 d4 12. e5 dxc3 13. exf6 cxb2 14. Bxb2 Bxf6
15. Bxf6 Qxf6 16. Nxc5 Nxc5 17. Qxc5 b6 18. Qf2 Bb7 19. Bc4 Rac8 20. Bb3 Rc3
21. Rae1 Ba6 22. Re2 Bxe2 23. Qxe2 Rd8 24. Qe5 Qxe5 25. fxe5 Re3 26. Bxf7+ Kh8
27. e6 g6 28. Rf3 Rxf3 29. gxf3 Kg7 30. h4 Kf6 31. Kf2 Rd2+ 32. Ke3 Rxc2 33.
Bg8 Rxa2 34. Kd4 Rd2+ 35. Kc4 Rd8 36. Bxh7 Kg7 0-1

[Event "C.to Provinciale TN"]
[Site "Aldeno ITA"]
[Date "2015.01.24"]
[Round "3"]
[White "Matei, Cristian"]
[Black "Paoli, Luigino"]
[WhiteElo "1778"]
[BlackElo "1494"]
[Result "1-0"]
[PlyCount "36"]
[EventDate "2015.01.23"]

1. e4 e6 2. d4 d5 3. e5 c5 4. c3 Nc6 5. Nf3 Bd7 6. Bd3 Qb6 7. Bc2 f6 8. O-O
cxd4 9. cxd4 fxe5 10. Nxe5 Nf6 11. Nxd7 Kxd7 12. Ba4 Re8 13. Nc3 Kc8 14. Bf4 a6
15. a3 Rd8 16. Bxc6 Qxc6 17. Rc1 Qe8 18. Nxd5+ Kd7 1-0

[Event "C.to Provinciale TN"]
[Site "Aldeno ITA"]
[Date "2015.01.24"]
[Round "3"]
[White "Pedrotti, Luciano"]
[Black "Chini, Fabrizio"]
[WhiteElo "1774"]
[BlackElo "1641"]
[Result "1-0"]
[PlyCount "101"]
[EventDate "2015.01.23"]

1. e4 d6 2. d4 Nf6 3. Nc3 g6 4. Nf3 Bg7 5. Be2 O-O 6. O-O Bg4 7. h3 Bxf3 8.
Bxf3 Nc6 9. Be3 e5 10. d5 Ne7 11. Bg5 c6 12. Bxf6 Bxf6 13. Qd3 Qb6 14. Rab1
Rfd8 15. b3 Rac8 16. Na4 Qa5 17. c4 cxd5 18. exd5 Nf5 19. Nc3 Nd4 20. Bg4 Rc7
21. Ne4 Bg7 22. Qd2 Qb6 23. Nc3 Re7 24. Kh1 Qa5 25. Ne4 Qxd2 26. Nxd2 Bh6 27.
Rfd1 f5 28. Bf3 e4 29. Nxe4 fxe4 30. Bg4 Bg7 31. Re1 Rde8 32. Rbd1 e3 33. fxe3
Rxe3 34. Be6+ R8xe6 35. dxe6 Bh6 36. Rxe3 Bxe3 37. e7 Kf7 38. Re1 Nf5 39. g4
Nxe7 40. Rxe3 d5 41. Kg2 dxc4 42. bxc4 h5 43. Kf3 hxg4+ 44. hxg4 Nc6 45. g5
Nd4+ 46. Kg4 Nc6 47. c5 b6 48. cxb6 axb6 49. Rf3+ Ke7 50. Rf6 Ne5+ 51. Kf4 1-0

[Event "C.to Provinciale TN"]
[Site "Aldeno ITA"]
[Date "2015.01.24"]
[Round "3"]
[White "Pojer, Romeo"]
[Black "De Nisi, Roberta"]
[WhiteElo "2084"]
[BlackElo "1913"]
[Result "1/2-1/2"]
[PlyCount "112"]
[EventDate "2015.01.23"]

1. e4 e6 2. Qe2 c5 3. f4 Nc6 4. Nf3 Nf6 5. Nc3 Be7 6. b3 d5 7. e5 Nd7 8. a3 O-O
9. Bb2 Nb6 10. g3 a5 11. Bg2 a4 12. bxa4 Nxa4 13. Nxa4 Rxa4 14. O-O Qb6 15.
Rfb1 Qa7 16. Qf2 Bd7 17. Bf1 Na5 18. d3 Ra8 19. Bh3 Nc6 20. Bc1 Nd8 21. c3 b5
22. Bb2 Nb7 23. Ne1 Na5 24. Nc2 Nb3 25. Ra2 c4 26. d4 Qb8 27. f5 Qf8 28. Rf1
exf5 29. Bxf5 Be6 30. Qg2 Qd8 31. Qh3 Bxf5 32. Qxf5 f6 33. Ne3 R4a6 34. exf6
Rxf6 35. Qxd5+ Qxd5 36. Nxd5 Rxf1+ 37. Kxf1 Bg5 38. Nc7 Rf8+ 39. Kg2 Be3 40.
Nxb5 Rf2+ 41. Kh3 Bc1 42. Bxc1 Rxa2 43. Bf4 Kf7 44. Nd6+ Ke6 45. Nxc4 Rc2 46.
d5+ Kd7 47. Nb6+ Kd8 48. d6 Nc5 49. c4 g6 50. a4 Nd7 51. a5 Nxb6 52. axb6 Rxc4
53. d7 Rb4 54. Bc7+ Kxd7 55. g4 h6 56. Kg3 Ke6 1/2-1/2

[Event "C.to Provinciale TN"]
[Site "Aldeno ITA"]
[Date "2015.01.24"]
[Round "3"]
[White "Seresin, Francesco"]
[Black "La Manna, Andrea"]
[WhiteElo "2075"]
[BlackElo "2184"]
[Result "1/2-1/2"]
[PlyCount "45"]
[EventDate "2015.01.23"]

1. d4 Nf6 2. c4 g6 3. f3 Bg7 4. e4 d6 5. Be3 O-O 6. Qd2 c5 7. Ne2 Nc6 8. Nbc3
e6 9. O-O-O Qe7 10. h4 a6 11. dxc5 dxc5 12. Qd6 Qxd6 13. Rxd6 Re8 14. Rd2 b5
15. cxb5 axb5 16. Nxb5 Rxa2 17. Kb1 Ra5 18. Nec3 Nh5 19. Bc4 Ne5 20. Bb3 Bd7
21. Nd6 Rb8 22. Kc2 Nf6 23. Nc4 1/2-1/2

[Event "C.to Provinciale TN"]
[Site "Aldeno ITA"]
[Date "2015.01.24"]
[Round "3"]
[White "Tidona, Paolo Giuseppe"]
[Black "Comai, Samuele"]
[WhiteElo "1440"]
[BlackElo "1636"]
[Result "0-1"]
[PlyCount "54"]
[EventDate "2015.01.23"]

1. f4 d5 2. Nf3 c5 3. e3 Nf6 4. Bb5+ Bd7 5. Bxd7+ Qxd7 6. O-O e6 7. d4 Nc6 8.
Nc3 Be7 9. Ne5 Qc7 10. Nb5 Qc8 11. dxc5 Bxc5 12. Qe1 O-O 13. Qg3 Ne4 14. Qg4
Nxe5 15. fxe5 a6 16. Nc3 Nxc3 17. bxc3 Qc7 18. Qg5 Qe7 19. Qg4 Rac8 20. Rf3 f6
21. exf6 Rxf6 22. Rxf6 Qxf6 23. Qf3 Qxc3 24. Rb1 Qxc2 25. Ra1 Rf8 26. Qg3 Qd1+
27. Qe1 Qxe1# 0-1

[Event "C.to Provinciale TN"]
[Site "Aldeno ITA"]
[Date "2015.01.25"]
[Round "4"]
[White "Buratti, Paolo"]
[Black "Pedrotti, Luciano"]
[WhiteElo "1440"]
[BlackElo "1774"]
[Result "1-0"]
[PlyCount "120"]
[EventDate "2015.01.23"]

1. e4 e5 2. Nf3 Nc6 3. Bb5 a6 4. Bxc6 dxc6 5. h3 Bd6 6. O-O Ne7 7. d4 Ng6 8.
dxe5 Be7 9. Qxd8+ Bxd8 10. b3 Be6 11. Bb2 Be7 12. Nc3 O-O-O 13. Rad1 h6 14.
Rxd8+ Rxd8 15. Rd1 b5 16. Rxd8+ Bxd8 17. Ne2 c5 18. Ng3 Be7 19. Nf5 Bf8 20. g3
Kd7 21. h4 Ne7 22. Nxe7 Bxe7 23. Nd2 g5 24. hxg5 hxg5 25. f3 a5 26. c4 c6 27.
Kf2 Bd8 28. f4 gxf4 29. gxf4 Bg4 30. Nf3 a4 31. bxa4 bxa4 32. Bc3 Be6 33. Nd2
Bg4 34. Ke3 Bh4 35. Nf3 Bd8 36. f5 Ke8 37. Kf4 Bh3 38. Kg3 Bf1 39. Nd2 Bd3 40.
Kf4 Bh4 41. Ke3 Bc2 42. Nf3 Bg3 43. Be1 Bxe1 44. Nxe1 Bb1 45. a3 Ba2 46. Kd3
Ke7 47. Nf3 Bb1+ 48. Ke3 Bc2 49. Nd2 Bd1 50. Kf4 Be2 51. Kg5 Bd3 52. e6 f6+ 53.
Kf4 Kd6 54. Ke3 Bc2 55. Nf1 Bd1 56. Kf4 Bh5 57. Ne3 Be2 58. Ng4 Bxc4 59. Nxf6
Ke7 60. Ke5 Bd3 1-0

[Event "C.to Provinciale TN"]
[Site "Aldeno ITA"]
[Date "2015.01.25"]
[Round "4"]
[White "Ciola, Alberto"]
[Black "Tidona, Paolo Giuseppe"]
[WhiteElo "1879"]
[BlackElo "1440"]
[Result "1-0"]
[PlyCount "29"]
[EventDate "2015.01.23"]

1. d4 d5 2. c4 dxc4 3. e4 Be6 4. d5 Bd7 5. Bxc4 Nf6 6. Nc3 Bg4 7. Qb3 Bh5 8.
Qxb7 Nbd7 9. Nb5 Nc5 10. Nxc7+ Kd7 11. Qc6+ Kc8 12. Ne6+ Kb8 13. Bf4+ Qd6 14.
Bxd6+ exd6 15. Qc7# 1-0

[Event "C.to Provinciale TN"]
[Site "Aldeno ITA"]
[Date "2015.01.25"]
[Round "4"]
[White "Comai, Samuele"]
[Black "Perino, Alberto"]
[WhiteElo "1636"]
[BlackElo "1440"]
[Result "0-1"]
[PlyCount "86"]
[EventDate "2015.01.23"]

1. d4 e6 2. e4 b6 3. Nf3 Bb7 4. Bd3 c5 5. c3 cxd4 6. cxd4 Bb4+ 7. Nc3 Nf6 8.
Qe2 O-O 9. a3 Bxc3+ 10. bxc3 d5 11. Nd2 dxe4 12. Nxe4 Nxe4 13. Bxe4 Bxe4 14.
Qxe4 Nd7 15. O-O Rc8 16. Bd2 Nf6 17. Qf3 Rc4 18. Qb7 Qc7 19. Qxc7 Rxc7 20. Ra2
Ne4 21. Rc1 Rfc8 22. Bf4 Rxc3 23. Rxc3 Rxc3 24. Re2 Rxa3 25. Rc2 Ra1+ 26. Rc1
Rxc1+ 27. Bxc1 Kf8 28. f3 Nc3 29. Kf2 b5 30. Ba3+ Ke8 31. Ke3 a5 32. Kd3 b4 33.
Bb2 Nd5 34. Kc4 a4 35. Ba1 Ne3+ 36. Kxb4 Nc2+ 37. Kxa4 Nxa1 38. Kb4 Nc2+ 39.
Kc5 Ne1 40. f4 Nxg2 41. f5 Ne3 42. fxe6 fxe6 43. Kd6 Kf7 0-1

[Event "C.to Provinciale TN"]
[Site "Aldeno ITA"]
[Date "2015.01.25"]
[Round "4"]
[White "Dallaglio, Giovanni"]
[Black "Paoli, Luigino"]
[WhiteElo "1953"]
[BlackElo "1494"]
[Result "1-0"]
[PlyCount "59"]
[EventDate "2015.01.23"]

1. d4 Nf6 2. c4 e6 3. Nf3 c5 4. e3 d5 5. Nc3 Nbd7 6. Bd3 b6 7. O-O Bb7 8. Qe2
Bd6 9. Rd1 O-O 10. b3 Re8 11. Bb2 a6 12. e4 dxe4 13. Nxe4 Qc7 14. dxc5 Nxe4 15.
cxb6 Qxb6 16. Bxe4 Bxe4 17. Qxe4 Qc7 18. Qd4 Be5 19. Nxe5 Nxe5 20. Qxe5 Qxe5
21. Bxe5 f6 22. Bd6 Kf7 23. c5 a5 24. a3 Ra6 25. b4 axb4 26. axb4 Rea8 27. Rxa6
Rxa6 28. b5 Ra7 29. c6 Ke8 30. b6 1-0

[Event "C.to Provinciale TN"]
[Site "Aldeno ITA"]
[Date "2015.01.25"]
[Round "4"]
[White "De Nisi, Roberta"]
[Black "Seresin, Francesco"]
[WhiteElo "1913"]
[BlackElo "2075"]
[Result "1/2-1/2"]
[PlyCount "34"]
[EventDate "2015.01.23"]

1. d4 d5 2. c4 dxc4 3. e4 e5 4. Nf3 exd4 5. Bxc4 Nc6 6. O-O Bc5 7. a3 Bb6 8.
Nbd2 Qe7 9. Bd3 Bg4 10. h3 Be6 11. Nc4 Bxc4 12. Bxc4 O-O-O 13. b4 Nf6 14. Bg5
h6 15. Bxf6 gxf6 16. Qb3 Rdf8 17. Rfe1 Ne5 1/2-1/2

[Event "C.to Provinciale TN"]
[Site "Aldeno ITA"]
[Date "2015.01.25"]
[Round "4"]
[White "La Manna, Andrea"]
[Black "Pojer, Romeo"]
[WhiteElo "2184"]
[BlackElo "2084"]
[Result "1-0"]
[PlyCount "125"]
[EventDate "2015.01.23"]

1. d4 Nf6 2. c4 g6 3. Nc3 Bg7 4. e4 d6 5. f3 O-O 6. Be3 Nc6 7. Nge2 a6 8. Qd2
Rb8 9. Rc1 Bd7 10. Nd1 Re8 11. b3 b5 12. c5 dxc5 13. Rxc5 e6 14. g3 Bf8 15. Rc2
a5 16. Bg2 a4 17. bxa4 bxa4 18. O-O Nb4 19. Rc1 Bb5 20. Ndc3 c5 21. Nxb5 Rxb5
22. Rfd1 cxd4 23. Nxd4 Rb8 24. Qe2 Qa5 25. a3 Na6 26. Nc6 Qb5 27. Qxb5 Rxb5 28.
Bf1 Rb3 29. Bd4 Rxf3 30. Bxf6 Rxf6 31. Bxa6 Bxa3 32. Rc4 e5 33. Bb7 Ree6 34.
Rf1 Bd6 35. Rxf6 Rxf6 36. Rxa4 Bc5+ 37. Kg2 Rf2+ 38. Kh1 Rb2 39. Rc4 Bd6 40.
Bc8 Kg7 41. Rc3 Rd2 42. Ba6 f5 43. Rd3 Rxd3 44. Bxd3 fxe4 45. Bxe4 Kf6 46. Kg2
h5 47. Kf3 g5 48. h3 Bc7 49. Nb4 Bd6 50. Nd3 Be7 51. Bc6 Bd6 52. Ke4 Bc7 53.
Be8 h4 54. g4 Bd6 55. Kd5 Bc7 56. Nf2 Kg7 57. Ne4 Kh6 58. Ke6 Bb8 59. Bh5 Bc7
60. Kf7 Bd8 61. Bg6 Be7 62. Kxe7 Kxg6 63. Ke6 1-0

[Event "C.to Provinciale TN"]
[Site "Aldeno ITA"]
[Date "2015.01.25"]
[Round "4"]
[White "Matei, Cristian"]
[Black "Martinelli, Michele"]
[WhiteElo "1778"]
[BlackElo "1756"]
[Result "1-0"]
[PlyCount "59"]
[EventDate "2015.01.23"]

1. e4 d6 2. d4 e5 3. Nf3 exd4 4. Nxd4 Nf6 5. Nc3 g6 6. f3 Bg7 7. Be3 O-O 8. Qd2
Re8 9. O-O-O Nc6 10. g4 h5 11. gxh5 Nxh5 12. Bc4 Nf6 13. h4 Nh5 14. Rdg1 Kf8
15. Bg5 Qd7 16. Bh6 Nxd4 17. Bxg7+ Kxg7 18. Qxd4+ Kf8 19. Nd5 Re5 20. f4 c5 21.
Qc3 Nxf4 22. Nxf4 b5 23. Bd5 b4 24. Qe3 Bb7 25. Nxg6+ fxg6 26. Qh6+ Ke8 27.
Qxg6+ Kd8 28. Qf6+ Qe7 29. Rg8+ Kd7 30. Rg7 1-0

[Event "C.to Provinciale TN"]
[Site "Aldeno ITA"]
[Date "2015.01.25"]
[Round "5"]
[White "Chini, Fabrizio"]
[Black "Dallaglio, Giovanni"]
[WhiteElo "1641"]
[BlackElo "1953"]
[Result "0-1"]
[PlyCount "92"]
[EventDate "2015.01.23"]

1. d4 d5 2. c4 dxc4 3. e3 Nf6 4. Bxc4 e6 5. Nf3 c5 6. O-O a6 7. Bb3 Nc6 8. Nc3
cxd4 9. exd4 Be7 10. d5 exd5 11. Nxd5 Nxd5 12. Qxd5 O-O 13. Re1 Qxd5 14. Bxd5
Bf6 15. Bxc6 bxc6 16. Rb1 Bf5 17. Ra1 Rab8 18. Re2 Rfd8 19. Bg5 Bxg5 20. Nxg5
h6 21. Nf3 c5 22. b3 c4 23. bxc4 Bd3 24. Rd2 Bxc4 25. Rxd8+ Rxd8 26. a3 a5 27.
h4 a4 28. Rc1 Be6 29. Kf1 Rd3 30. Ra1 f6 31. Ke1 Kf7 32. Nd2 Bd5 33. g3 g5 34.
hxg5 fxg5 35. Ke2 Rc3 36. f3 h5 37. Kf2 h4 38. gxh4 gxh4 39. Rh1 Rxa3 40. Rxh4
Ra1 41. Rh5 Be6 42. Ra5 a3 43. Ra4 a2 44. Ra3 Rh1 45. Nf1 Bc4 46. Kg2 Rxf1 0-1

[Event "C.to Provinciale TN"]
[Site "Aldeno ITA"]
[Date "2015.01.25"]
[Round "5"]
[White "Comai, Samuele"]
[Black "Buratti, Paolo"]
[WhiteElo "1636"]
[BlackElo "1440"]
[Result "1-0"]
[PlyCount "111"]
[EventDate "2015.01.23"]

1. d4 d5 2. c4 c6 3. Nc3 Nf6 4. cxd5 cxd5 5. Bf4 Qa5 6. e3 Nc6 7. Bd3 e6 8.
Nge2 Nh5 9. Bg5 h6 10. Bh4 g5 11. Bg3 Nxg3 12. hxg3 Bd7 13. a3 a6 14. b4 Qc7
15. Rc1 Qd6 16. Qb3 b5 17. Rc2 Bg7 18. Nc1 O-O 19. Be2 Rfc8 20. Nd3 Nb8 21. Nc5
Bc6 22. f4 Nd7 23. Bf3 Nxc5 24. bxc5 Qd7 25. Kf2 Qd8 26. Be2 Rcb8 27. Rb2 Rb7
28. Qc2 gxf4 29. gxf4 Rab8 30. g3 Qa5 31. Rhb1 Qc7 32. Na2 a5 33. Nc3 Qd7 34.
Bd1 f6 35. Bg4 f5 36. Be2 b4 37. axb4 axb4 38. Na2 Ba4 39. Qd2 b3 40. Nc1 Rb4
41. Bd1 Rc4 42. Bxb3 Rxc5 43. dxc5 Bxb2 44. Bxa4 Qxa4 45. Rxb2 Rxb2 46. Qxb2
Qe8 47. Qb6 e5 48. fxe5 Qxe5 49. Qg6+ Kh8 50. Qxh6+ Kg8 51. Qg6+ Kh8 52. Qh6+
Kg8 53. Qg5+ Kh8 54. Qd8+ Kg7 55. Qd7+ Kg6 56. Qd6+ 1-0

[Event "C.to Provinciale TN"]
[Site "Aldeno ITA"]
[Date "2015.01.25"]
[Round "5"]
[White "De Nisi, Roberta"]
[Black "La Manna, Andrea"]
[WhiteElo "1913"]
[BlackElo "2184"]
[Result "0-1"]
[PlyCount "74"]
[EventDate "2015.01.23"]

1. d4 Nf6 2. c4 g6 3. Nc3 Bg7 4. e4 d6 5. f3 O-O 6. Be3 c5 7. Nge2 Nc6 8. Qd2
Rb8 9. Rd1 Qa5 10. d5 Ne5 11. Nc1 a6 12. Be2 Ne8 13. O-O b5 14. cxb5 axb5 15.
Nb3 Qb4 16. Nb1 Qxd2 17. N1xd2 Nc7 18. Nxc5 dxc5 19. Bxc5 Re8 20. Nb3 Nc4 21.
Bxc4 bxc4 22. Nd4 Bd7 23. Nc6 Bxc6 24. dxc6 Bxb2 25. Rd7 Ne6 26. Be3 Rbc8 27.
Rb1 c3 28. Bc1 Bxc1 29. Rxc1 Rxc6 30. Kf2 Nc5 31. Rd4 e5 32. Rd5 Ne6 33. Rxe5
Ra8 34. Rb5 Rxa2+ 35. Ke3 Rxg2 36. Rb3 c2 37. Rb2 Rxh2 0-1

[Event "C.to Provinciale TN"]
[Site "Aldeno ITA"]
[Date "2015.01.25"]
[Round "5"]
[White "Martinelli, Michele"]
[Black "Tidona, Paolo Giuseppe"]
[WhiteElo "1756"]
[BlackElo "1440"]
[Result "1-0"]
[PlyCount "35"]
[EventDate "2015.01.23"]

1. Nf3 f5 2. e4 e6 3. exf5 exf5 4. Nc3 Qe7+ 5. Be2 Nf6 6. O-O Qf7 7. Re1 Be7 8.
Ne5 Qe6 9. d4 Bb4 10. d5 Qxe5 11. Bh5+ Nxh5 12. Rxe5+ Kd8 13. Qxh5 g6 14. Bg5+
Be7 15. Rxe7 c6 16. d6 Re8 17. Qxh7 b5 18. Rxd7# 1-0

[Event "C.to Provinciale TN"]
[Site "Aldeno ITA"]
[Date "2015.01.25"]
[Round "5"]
[White "Paoli, Luigino"]
[Black "Ciola, Alberto"]
[WhiteElo "1494"]
[BlackElo "1879"]
[Result "0-1"]
[PlyCount "86"]
[EventDate "2015.01.23"]

1. c4 c5 2. Nc3 Nc6 3. Nf3 Nf6 4. e3 d5 5. d4 cxd4 6. exd4 dxc4 7. Bxc4 e6 8.
O-O Be7 9. Be3 O-O 10. a3 a6 11. Bd3 Nd5 12. Bd2 Bf6 13. Nxd5 Qxd5 14. Bc3 Rd8
15. Qc2 g6 16. Be4 Qd6 17. Rad1 Ne7 18. Rfe1 Nd5 19. Bxd5 Qxd5 20. Ne5 b6 21.
Ng4 Bg7 22. Ne3 Qc6 23. Rd3 Bb7 24. Red1 Qb5 25. Qd2 Be4 26. Qe2 Bxd3 27. Rxd3
e5 28. d5 e4 29. Rd2 Qxe2 30. Rxe2 Bxc3 31. bxc3 Rac8 32. c4 b5 33. cxb5 Rc1+
34. Nf1 Rxd5 35. g3 axb5 36. Kg2 f5 37. Ne3 Rd3 38. Rb2 Rc5 39. Ra2 Rcc3 40. a4
b4 41. a5 b3 42. Rb2 Rxe3 43. a6 Re1 0-1

[Event "C.to Provinciale TN"]
[Site "Aldeno ITA"]
[Date "2015.01.25"]
[Round "5"]
[White "Perino, Alberto"]
[Black "Pojer, Romeo"]
[WhiteElo "1440"]
[BlackElo "2084"]
[Result "0-1"]
[PlyCount "52"]
[EventDate "2015.01.23"]

1. e4 d6 2. d4 Nf6 3. Nc3 g6 4. Nf3 Bg7 5. Be3 O-O 6. h3 b6 7. Bd3 Bb7 8. Nd2
e5 9. dxe5 dxe5 10. O-O Nc6 11. Qe2 Nd4 12. Bxd4 exd4 13. Nd1 Re8 14. f4 c5 15.
b3 Nh5 16. Rf3 f5 17. g4 fxe4 18. Bxe4 Bxe4 19. Nxe4 d3 20. Qxd3 Bxa1 21. gxh5
Qxd3 22. cxd3 Rad8 23. Ndc3 Re6 24. Ng5 Re1+ 25. Kf2 Bxc3 26. d4 cxd4 0-1

[Event "C.to Provinciale TN"]
[Site "Aldeno ITA"]
[Date "2015.01.25"]
[Round "5"]
[White "Seresin, Francesco"]
[Black "Matei, Cristian"]
[WhiteElo "2075"]
[BlackElo "1778"]
[Result "1-0"]
[PlyCount "85"]
[EventDate "2015.01.23"]

1. d4 c6 2. c4 d5 3. cxd5 cxd5 4. Nc3 Nf6 5. Nf3 Nc6 6. Bf4 e6 7. e3 Bd6 8. Bg3
O-O 9. Bd3 a6 10. Rc1 Re8 11. O-O Bxg3 12. hxg3 e5 13. dxe5 Nxe5 14. Be2 Nc6
15. Nd4 Ne5 16. Qb3 b5 17. Rfd1 Bg4 18. Nf3 Nc4 19. Bxc4 bxc4 20. Qc2 Rb8 21.
Rd4 Bxf3 22. gxf3 Qb6 23. Nxd5 Nxd5 24. Rxd5 Qf6 25. Rf5 Qg6 26. Rf4 Qh5 27.
Rh4 Qg6 28. Qxg6 hxg6 29. Rc2 Rec8 30. Kf1 Rb7 31. b3 c3 32. Ke2 Rd7 33. Rd4
Rdc7 34. Kd3 Kf8 35. Rc4 Rd8+ 36. Kxc3 Rcd7 37. Rd4 Rc7+ 38. Kd3 Rxd4+ 39. exd4
Rb7 40. Re2 Rc7 41. d5 f6 42. Kd4 Rc1 43. d6 1-0